[Event "Pan American Intercollegiate-chT"]
[Site "Dulles"]
[Date "2022.01.07"]
[Round "2.3"]
[White "Cordova, Emilio"]
[Black "Fan, William G"]
[Result "1-0"]
[WhiteElo "2528"]
[BlackElo "1799"]
[PlyCount "33"]
[EventDate "2022.01.06"]
[EventType "team-swiss"]
[EventRounds "6"]
[EventCountry "USA"]
[SourceTitle "EXT 2023"]
[Source "ChessBase"]
[SourceDate "2022.10.05"]
[SourceVersion "1"]
[SourceVersionDate "2022.10.05"]
[SourceQuality "1"]
[WhiteTeam "Webster Univ II"]
[BlackTeam "Texas Austin Univ II"]
[WhiteTeamCountry "USA"]
[BlackTeamCountry "USA"]

1. Nf3 Nf6 2. c4 d5 3. cxd5 g6 4. e4 Bg7 5. Nc3 0-0 6. h3 e6 7. dxe6 Bxe6 8. d4 c5 9. d5 Nxe4 10. Nxe4 Bxd5 11. Nc3 Re8+ 12. Be2 Bxc3+ 13. bxc3 Qe7 14. 0-0 Nc6 15. Qxd5 Qxe2 16. Qxc5 Rad8 17. Bg5 1-0